| 000 | 00818pam a2200289 i 4500 | ||
|---|---|---|---|
| 999 |
_c1314 _d1314 |
||
| 001 | 018365219 | ||
| 003 | Uk | ||
| 005 | 20221228114641.0 | ||
| 008 | 170410s2017 enk j 000|0|eng|d | ||
| 015 |
_aGBB790780 _2bnb |
||
| 016 | 7 |
_a018365219 _2Uk |
|
| 020 | _a9780141373089 (pbk.) : | ||
| 040 |
_aStDuBDS _beng _cStDuBDS _dUk _erda |
||
| 042 | _aukblcatcopy | ||
| 082 | 0 | 4 |
_a398.209729 COO _223 |
| 100 | 1 |
_aCooke, Trish, _eauthor. |
|
| 245 | 1 | 0 |
_aTales from the Caribbean / _cTrish Cooke. |
| 264 | 1 |
_aLondon : _bPuffin, _c2017. |
|
| 300 |
_ax, 223 pages ; _c20 cm |
||
| 336 |
_atext _2rdacontent |
||
| 337 |
_aunmediated _2rdamedia |
||
| 338 |
_avolume _2rdacarrier |
||
| 500 |
_aFormerly CIP. _5Uk |
||
| 530 | _aAlso issued online. | ||
| 650 | 0 |
_aTales _zCaribbean Area _vJuvenile literature. |
|
| 942 |
_2ddc _cNFIC |
||